00426nam a22001457a 450000500170000000800410001702000180005804000130007608200170008910000160010624500890012226000300021130000130024165000260025420260413180507.0260413b |||||||| |||| 00| 0 eng d a9789697834433 cPK-LaNCA a375.001bANJ aAnjum Altaf aCritical reflections on the single national curriculum and the medium of instruction aFolio BooksbLahorec2022 aii, 190p aCurriculum - Planning